000 00479nam a2200181Ia 4500
001 25001
005 20260414151121.0
008 260414t2009||||xx |||||||||||||| ||spa||
041 _aESP
082 _a346.1
_bA42
100 _aAliaga Huaripata, Luis Alberto
_eAUT
245 0 _aLas asociaciones :
_banálisis doctrinal, legislativo y jurisprudencial
260 _c2009
300 _a389 páginas :
_c24 cm.
650 _aDER
654 _aCDE
942 _cLIB
_dJUS
_fJUS
_2ddc
_n
999 _c25001
_d25001